000 00784nam a22002657a 4500
001 BR9404453
003 BR-BrBNA
005 20230928094240.0
007 ta
008 230509b bl.||||| |||| 00| 0 por d
040 _aBR-BrBNA
_bpor
_cBiblioteca Nacional de Agricultura
041 _a(Por)
072 _aT01
090 _ T01 BR9404453
100 1 _aCotrim, A.R.
110 1 _aUniversidade Estadual de Campinas, SP (Brasil). Inst. de Quimica
_910640
245 1 _aMetais pesados na agricultura: consequencias das elevadas concentracoes de mercurio, cadmio e chumbo no solo
260 3 _aCampinas, SP (Brasil):
_c[nd].
300 _a48 p.
650 _aSolo
650 _aMetal Pesado
650 _aContaminacao
909 _a202309
_bLucia
_c55
_dLucia Elande
942 _cBK
999 _c49646
_d49646